| 000 | 01178cam a22003131a 4500 | ||
|---|---|---|---|
| 001 | gs 60000189 | ||
| 003 | DLC | ||
| 005 | 20260227111409.0 | ||
| 008 | 840925s1960 dcuab b f001 0 eng c | ||
| 010 | _ags 60000189 | ||
| 035 | _a(OCoLC)11196493 | ||
| 040 |
_aU.S. Geol. Survey. Libr. _cCLS _dDNAL _dOCoLC _dDLC |
||
| 042 | _apremarc | ||
| 050 | 0 | 0 |
_aTC801 _b.U2 no. 1479 |
| 070 | 0 |
_a407 _bG29W no.1479 |
|
| 072 | 0 | _aP200 | |
| 082 | _a551.49097963 | ||
| 100 | 1 |
_aSmith, Rex O. _q(Rex Onis), _d1924- |
|
| 245 | 1 | 0 |
_aGeohydrologic evaluation of streamflow records in the Big Wood River basin, Idaho / _cby Rex O. Smith. |
| 260 |
_aWashington, D.C. : _bU.S. G.P.O., _c1960. |
||
| 300 |
_av, 68 p. : _bill., maps ; _c24 cm. |
||
| 440 | 0 |
_aGeological Survey water-supply paper ; _v1479 |
|
| 500 | _a"An assessment of the geohydrologic conditions that affect the adequacy of streamflow records in measuring the water yield of a basin." | ||
| 500 | _aTwo folded colored maps in pocket. | ||
| 504 | _aBibliography: p. 57. | ||
| 500 | _aIncludes index. | ||
| 650 | 0 |
_aGroundwater _zIdaho _zBig Wood River Watershed. |
|
| 650 | 0 |
_aWater-supply _zIdaho _zBig Wood River Watershed. |
|
| 999 |
_c29440 _d29440 |
||